| 000 | 01925cam a2200421 i 4500 | ||
|---|---|---|---|
| 001 | 124944 | ||
| 005 | 20230410103924.0 | ||
| 008 | 150817s2016 ncub b s001 0 eng c | ||
| 035 | _a18747050 | ||
| 925 | 0 |
_aacquire _b1 shelf copy _xpolicy default _eclaim1 2016-09-08 |
|
| 942 |
_2lcc _cbk |
||
| 010 | _a 2015031953 | ||
| 020 | _a9781469626802 (cloth : alk. paper) | ||
| 020 | _z9781469626819 (ebook) | ||
| 040 |
_aNcU/DLC _beng _cNcU _erda _dDLC |
||
| 041 | _aeng | ||
| 042 | _apcc | ||
| 043 |
_an-us--- _aaw----- |
||
| 050 | 1 | 4 |
_a439 DS 63 _bL778u 2016 |
| 082 | 0 | 0 |
_a327.73056 _223 |
| 100 | 1 |
_aLittle, Douglas, _d1950- |
|
| 245 | 1 | 0 |
_aUs versus them : _bthe United States, radical Islam, and the rise of the green threat / _cDouglas Little. |
| 264 | 1 |
_aChapel Hill : _bThe University of North Carolina Press, _c[2016] |
|
| 300 |
_axiii, 314 pages : _bmaps ; _c25 cm |
||
| 336 |
_atext _2rdacontent |
||
| 337 |
_aunmediated _2rdamedia |
||
| 338 |
_avolume _2rdacarrier |
||
| 504 | _aIncludes bibliographical references (pages 247-296) and index. | ||
| 505 | 0 | _aIntroduction. Us versus them : America and Islam in the age of terror -- Genesis : containment and Cold War in the Muslim world -- George H.W. Bush and the end of the Cold War : "beyond containment" in the Middle East -- Bill Clinton and the Middle East : from "enlargement" to "dual containment" -- Containment on steroids : George W. Bush and rogue state rollback -- The Obama doctrine : "contagement" and counterterrorism in the Muslim world -- Revelations : "contagement," Islamophobia, and a new cold war in the Middle East. | |
| 650 | 0 | _aCold War. | |
| 650 | 0 |
_aIslamophobia _zUnited States. |
|
| 650 | 4 | _aGuerra Fría. | |
| 651 | 0 |
_aUnited States _xRelations _zMiddle East. |
|
| 651 | 0 |
_aMiddle East _xRelations _zUnited States. |
|
| 651 | 4 |
_aEstados Unidos _xRelaciones _zMedio Oriente. |
|
| 985 |
_aNcUCIP _d2015-08-17 |
||
| 946 | _adpf | ||
| 999 |
_c28503 _d28503 |
||